000 02334nam a22002777a 4500
010 _aA-339261
020 _c40.00
035 _aA-339261
037 _bCen Lib / Ret
040 _aDPL
_bHN
082 _a230.1
_bमहाभा
100 _aवेदव्यास
245 _aमहाभारत /
_cवेदव्यास ; अनुवादक पंडित रामनारायणदत्त शास्त्री
246 _aMahabharat /
_bby Vedvyas ; edited by Pandit Ramnarayandatt Shastri
250 _a3rd ed
260 _aगोरखपुर
_bगीता प्रेस
270 _aगीता प्रेस
_bगोरखपुर
300 _a v 1. 2303-2496 ; v 2. 946-2038; v 3. 36, 2040-3100; v 4. not available ; v 5. 4426-5424; v 6. 5427-6519 ; v 8. 4220 ; v 10.
505 _av 1. भीष्मपर्व (सचित्र, सरल हिन्दी -- अनुवादसहित) ; v 2. बनपर्व और विराटपर्व (सचित्र, सरल हिन्दी -- अनुवादसहित) ; v 3. उधोगपर्व और भीष्मपर्व (सचित्र, सरल हिन्दी -- अनुवादसहित) ; v 4.दोण, कर्ण, शल्य, सौपित्क और स्त्रीपर्व (सचित्र, सरल हिन्दी -- अनुवादसहित) ; v 5.शान्तीपर्व (सचित्र, सरल हिन्दी -- अनुवादसहित) ; v 6.अनुशाशन, अाश्रमेधिक, आश्रमवासिक, मौसल, महाप्रस्थानिक और स्वर्गारोहनपर्व ; v 8.दोणपर्व ; v 10. विराटपर्व (सचित्र, सरल हिन्दी -- अनुवादसहित) ; v 10. शल्यपर्व (सचित्र, सरल हिन्दी -- अनुवादसहित) ;
650 _aMahabharata.
650 _aHindu philosophy.
650 _aमहाभारत
650 _a हिंदू दर्शन
700 _aरामनारायणदत्त शास्त्री
942 _2ddc
_cHN
_h230.1
_mमहाभा
999 _c122110
_d122110